Online
Catalog

Seguiremos descentralizando : (Record no. 3688)

MARC details
000 -CABECERA
campo de control de longitud fija 01084nam a2200193 a 4500
001 - NÚMERO DE CONTROL
campo de control 000003866
005 - FECHA Y HORA DE LA ÚLTIMA TRANSACCIÓN
campo de control 20250211094043.0
008 - DATOS DE LONGITUD FIJA--INFORMACIÓN GENERAL
campo de control de longitud fija 090714s2002 dr ac 000 1 spa d
040 ## - FUENTE DE LA CATALOGACIÓN
Centro catalogador/agencia de origen DO-SdBNP
Lengua de catalogación spa
Centro/agencia transcriptor BNPHU
082 ## - NÚMERO DE LA CLASIFICACIÓN DECIMAL DEWEY
Número de clasificación xxxx
Número de documento/Ítem xxxx
049 ## - FONDOS LOCALES (OCLC)
Fondos de biblioteca BNPD
245 00 - MENCIÓN DE TÍTULO
Título Seguiremos descentralizando :
Resto del título experiencia del Programa de Apoyo Inmediato a la reforma del Estado PAIRE.
260 ## - PUBLICACIÓN, DISTRIBUCIÓN, ETC.
Lugar de publicación, distribución, etc. Santo Domingo :
Nombre del editor, distribuidor, etc. CONARE,
Fecha de publicación, distribución, etc. 2002.
300 ## - DESCRIPCIÓN FÍSICA
Extensión 157 p. :
Otras características físicas il., retrs. ;
Dimensiones 23 cm.
500 ## - NOTA GENERAL
Nota general Incluye notas sobre el siguimiento del foro provincial al pie de las páginas
500 ## - NOTA GENERAL
Nota general Incluye anexo p. 133-152
505 0# - NOTA DE CONTENIDO CON FORMATO
Nota de contenido con formato Introducción -- Síntesis de la experiencia del PAIRE -- Consulta de la sociedad civil sobre el proceso de descentralización del Estado dominicano -- Historia gráfica del PAIRE -- Fortalecimiento institucional de FEDOMU y de los ayuntamientos -- La comunicación en el PAIRE -- El PAIRE en el Cibao Central -- Conclusiones generales de la sistematización de la experiencia del PAIRE.
710 12 - PUNTO DE ACCESO ADICIONAL--NOMBRE DE ENTIDAD CORPORATIVA
Nombre de entidad corporativa o nombre de jurisdicción como elemento de entrada República Dominicana. Consejo Nacional de Reforma del Estado
9 (RLIN) 64396
Holdings
Estado de retiro Estado de pérdida No para préstamo Código de colección Localización permanente Ubicación/localización actual Ubicación en estantería Fecha de adquisición Número de inventario Total de préstamos Signatura topográfica completa Código de barras Fecha visto por última vez Precio válido a partir de Tipo de ítem Koha Número de copia
    Excluido de préstamo Patrimonio Dominicano Patrimonio Dominicano Patrimonio Dominicano Depósito 14.07.2009 LF1   xxxx xxxx 3866-10 25.06.2020 25.06.2020 Libro y Folleto Colección Patrimonio Dominicano  
    Excluido de préstamo Patrimonio Dominicano Patrimonio Dominicano Patrimonio Dominicano Depósito 14.07.2009 LF1   xxxx xxxx 3866-20 25.06.2020 25.06.2020 Libro y Folleto Colección Patrimonio Dominicano e. 2

Powered by Koha